BRAND SENSE BUILD POWERFUL BRANDS THROUG (Record no. 17356)

MARC details
000 -LEADER
fixed length control field 00335nam a2200133Ia 4500
008 - FIXED-LENGTH DATA ELEMENTS--GENERAL INFORMATION
fixed length control field 240624s9999 xx 000 0 und d
041 ## - LANGUAGE CODE
Language code of text/sound track or separate title eng
082 ## - DEWEY DECIMAL CLASSIFICATION NUMBER
Classification number 658.827 LIN
100 ## - MAIN ENTRY--PERSONAL NAME
Personal name LINDSTROM MARTIN
245 ## - TITLE STATEMENT
Title BRAND SENSE BUILD POWERFUL BRANDS THROUG
260 ## - PUBLICATION, DISTRIBUTION, ETC.
Date of publication, distribution, etc. 2005
Place of publication, distribution, etc. New York
Name of publisher, distributor, etc. Free Press
300 ## - PHYSICAL DESCRIPTION
Extent 236 : p.
365 ## - TRADE PRICE
Currency code
Price amount 15
Holdings
Withdrawn status Lost status Damaged status Not for loan Home library Current library Shelving location Date acquired Source of acquisition Cost, normal purchase price Total Checkouts Full call number Barcode Date due Date last seen Date last checked out Copy number Price effective from Koha item type
        IMTN IMTN Rack 37-A 07/06/2011 BWE 26.00 1 658.827 LIN 17356 10/14/2024 07/06/2024 07/06/2024 47.3 06/24/2024 Books
Designed & Maintained by: LRC IMT Nagpur Contact: lrc@imtnag.ac.in© 2024. All Rights Reserved.